Santo Domingo : (Registro nro. 24110)
[ vista simple ]
| 000 -LEADER | |
|---|---|
| fixed length control field | 00857nam a22002297a 4500 |
| 003 - CONTROL NUMBER IDENTIFIER | |
| control field | DO-CoUTE |
| 005 - DATE AND TIME OF LATEST TRANSACTION | |
| control field | 20260415125300.0 |
| 008 - FIXED-LENGTH DATA ELEMENTS--GENERAL INFORMATION | |
| fixed length control field | 260415b dr ||||| |||| 00| 0 spa d |
| 040 ## - CATALOGING SOURCE | |
| Original cataloging agency | DO-CoUTE |
| Language of cataloging | spa |
| Transcribing agency | DO-CoUTE |
| 082 ## - DEWEY DECIMAL CLASSIFICATION NUMBER | |
| Classification number | RD 972.9375SA237d |
| 100 1# - MAIN ENTRY--PERSONAL NAME | |
| Personal name | schomburgk Hermann, Robert |
| Relator term | Autor |
| 245 10 - TITLE STATEMENT | |
| Title | Santo Domingo : |
| Remainder of title | Visto por cuarto viajeros 1850-1889 / |
| Statement of responsibility, etc. | Robert hermann schomburgk, Frederick Douglas, rodolphe. e Garczynski, Wilhelm Sievers |
| 260 ## - PUBLICATION, DISTRIBUTION, ETC. | |
| Place of publication, distribution, etc. | Santo Domingo ; |
| Name of publisher, distributor, etc. | Academia Dominicana de la historia, |
| Date of publication, distribution, etc. | 2016 |
| 300 ## - PHYSICAL DESCRIPTION | |
| Extent | 145 Paginas : |
| Dimensions | 23cm, |
| 504 ## - BIBLIOGRAPHY, ETC. NOTE | |
| Bibliography, etc. note | Incluye referencia bibliográfica e índice.<br/> |
| 650 #4 - SUBJECT ADDED ENTRY--TOPICAL TERM | |
| Topical term or geographic name entry element | historia |
| 700 1# - ADDED ENTRY--PERSONAL NAME | |
| Personal name | Hermann Schomburgk, Robert |
| Relator term | autor |
| 700 1# - ADDED ENTRY--PERSONAL NAME | |
| Personal name | Douglass, Frederick |
| Relator term | Autor |
| 700 1# - ADDED ENTRY--PERSONAL NAME | |
| Personal name | Garczynski, Rodolphe E. |
| Relator term | Autor |
| 700 1# - ADDED ENTRY--PERSONAL NAME | |
| Personal name | Sievers, Wilhelm |
| Relator term | Autor |
| 942 ## - ADDED ENTRY ELEMENTS (KOHA) | |
| Source of classification or shelving scheme | Dewey Decimal Classification |
| Koha item type | Libros |
| Withdrawn status | Lost status | Source of classification or shelving scheme | Damaged status | Not for loan | Collection code | Home library | Current library | Shelving location | Date acquired | Inventory number | Total Checkouts | Full call number | Barcode | Date last seen | Copy number | Price effective from | Koha item type |
|---|---|---|---|---|---|---|---|---|---|---|---|---|---|---|---|---|---|
| Dewey Decimal Classification | Colección Dominicana | Biblioteca UTECO | Biblioteca UTECO | En Estantería | 04/15/2026 | 023866 | RD 972.9375SA237d | 023866 | 04/15/2026 | Ej.1 | 04/15/2026 | Libros |
